Регионална библиотека "Любен Каравелов" - Русе

Българските освобождения (Запис номер 150293)

MARC детайли
000 -Лидер
Контролно поле с фиксирана дължина 01647nam a2200421 c 4500
003 - Код на организацията, давaща контролен номер
Контролно поле BLK
005 - Дата и час на последна редакция
Контролно поле 20250128005513.0
008 - Елементи от данни с фиксирана дължина
fixed length control field 180410b bul|||||r ||||||| ||bul||
010 ## - Наследен системен номер
LC control number KNG00156612000
020 ## - Международен стандартен номер на книга ISBN
Международен стандартен номер на книга ISBN 978-954-389-274-7
-- издат.: Ера
040 ## - Източник на каталожния запис
Идентификатор на билиотеката - собственик на записа BLK
041 ## - Код за език
Код за езика на текст/звукозапис или на отделно заглавие Български
Код за езика КДБФ Български
072 #7 - Код за тематичната категория
Код организация bullib
Код за тематична категория Н32
Текст Политика Н
080 ## - УДК
Текстов определител УДК Вътрешна политика. Вж и 329
УДК код - определител по УДК 323
УДК определител (497.2)(02.062)
УДК - код + определител 323(497.2)(02.062)
080 ## - УДК
Текстов определител УДК
УДК код - определител по УДК 949.72.05/.06
УДК определител (02.062)
УДК - код + определител 949.72.05/.06(02.062)
100 1# - Редна дума - Автор
Автор Данов, Румен
Авторска отговорност първи автор
R(LIN) 380541
139 ## - Редно поле
Редна дума Данов, Румен
Авторски знак Дано - Д 19
245 10 - Сведения за заглавието
Заглавие Българските освобождения
Подзаглавни данни Изгубените поуки
Редно поле (дума) Румен Данов.
257 ## - Страна на издаване
Страна на създаване/издаване България
260 ## - Област на издателските данни
-- София
Име на издателя, разпространителя и проч. Ера
-- Глобус
Година на издаване 2014
300 ## - Физическа характеристика
Страници 584 с.
Размери/Мащаб 23 см
380 ## - Жанр
Жанр Обществени науки
500 ## - Общи забележки
Забележка Съдържа и за авт. - Съкращения. - Библиогр. с. 575-579.
650 #4 - Допълнително описание по предмет – тема
Основно описание – тема или топоним Преход от тоталитаризъм към демокрация - България
9 (RLIN) 245662
650 #0 - Допълнително описание по предмет – тема
Основно описание – тема или топоним България - вътрешна политика
9 (RLIN) 241559
650 #0 - Допълнително описание по предмет – тема
Основно описание – тема или топоним България - история
9 (RLIN) 244493
651 #4 - Допълнително описание по предмет - топоним
Географско понятие България
9 (RLIN) 241624
653 ## - Ключова дума – ненормативна
Ключова дума българска история
653 ## - Ключова дума – ненормативна
Ключова дума преходно общество
653 ## - Ключова дума – ненормативна
Ключова дума освобождение
659 ## - Тематичен бюлетин
Тематичен бюлетин Н
852 ## - Местоположение
Форматна сигнатура Цб 268089
856 4# - Електронен адрес и достъп
Електронен формат pdf - файл
Път до файла /url/
856 4# - Електронен адрес и достъп
Електронен формат pdf - файл
Път до файла /url/
942 ## - АРТИКУЛИ
Вид на библиотечния материал Книги
Скрит в OPAC Не
Koha issues (borrowed), all copies 7
944 ## - СЪЗДАВАНЕ И РЕДАКЦИЯ на ЗАПИСА
Създаване/Редакция Създаване
Дата на регистрацията/редакция 13.02.2014
Статус, дата на статуса CRON CRON
Служител, извършил регистрацията/редакцията
944 ## - СЪЗДАВАНЕ И РЕДАКЦИЯ на ЗАПИСА
Създаване/Редакция Редакция
Дата на регистрацията/редакция 28.04.2016
Статус, дата на статуса ф /
Служител, извършил регистрацията/редакцията Людмила_Стоянова
999 ## - СИСТЕМНИ КОНТРОЛНИ НОМЕРА
Koha biblionumber 150293
Koha biblioitemnumber 150293
Наличности
Код за отписване Код за изгубен артикул Код за повреда Коз за рестрикции Код за отдаване Артикулен № Име на библиотеката - собственик Име на библиотеката, в която се намира в момента Статус (Текущо местоположение) Дата на вписване в системата Местоположение - отдел Цена в лева Инвентарен номер Систематично азбучна сигнатура Баркод Номер на екземпляра Цена в евро Служебна бележка Служебен тип на артикула
  Не е изгубен Не е повреден без рестрикции заемане за дома 251215 Регионална библиотека "Любен Каравелов" Русе Регионална библиотека "Любен Каравелов" Русе Заемна - подръчен фонд 2014-02-13 Заемна - подръчен фонд 17.94 120000774600 П 323(497.2)/Д 19 120000774600 1 9.17 Дост: Pk Вид: Ф N: 270 Дата: 07.02.2014 Дата инв: 02.02.2018 Бележки инв: П2018 Книги
  Не е изгубен Не е повреден без рестрикции заемане за дома 251216 Регионална библиотека "Любен Каравелов" Русе Регионална библиотека "Любен Каравелов" Русе Заемна - подръчен фонд 2014-06-12 Заемна - подръчен фонд 23.00 120000778153 П 323(497.2)/Д 19 120000778153 2 11.76 Дост: Pk Вид: Ф N: 400 Дата: 09.06.2014 Дата инв: 02.02.2018 Бележки инв: П2018 Книги
  Не е изгубен Не е повреден без рестрикции ползва се в читалня 251217 Регионална библиотека "Любен Каравелов" Русе Регионална библиотека "Любен Каравелов" Русе Хранилище 2015-09-24 Хранилище 23.00 120000792898 Цб 268089 120000792898 3 11.76 Дост: Dp Вид: Д N: 29 Дата: 01.07.2015 Книги
  Не е изгубен Не е повреден без рестрикции заемане за дома 251218 Регионална библиотека "Любен Каравелов" Русе Регионална библиотека "Любен Каравелов" Русе Заемна - подръчен фонд 2016-04-28 Заемна - подръчен фонд 11.50 120000799841 П 323(497.2)/Д 19 120000799841 4 5.88 Дост: Pk Вид: Ф N: 9852 Дата: 25.04.2016 Дата инв: 02.02.2018 Бележки инв: П2018 Книги
Vip Innovations Ltd, Rousse, Bulgaria 2025